| 000 | 00623cam a22002173a 4500 | ||
|---|---|---|---|
| 001 | 33985 | ||
| 003 | PGUSA | ||
| 005 | 20140828083732.0 | ||
| 008 | 100923s2010||||xxu|||||s|||||000 | eng d | ||
| 040 |
_aPGUSA _beng |
||
| 042 | _adc | ||
| 100 | 1 |
_aMiller, Alice Duer, _d1874-1942 |
|
| 245 | 1 | 0 |
_aManslaughter _h[electronic resource] / _cAlice Duer Miller |
| 260 |
_bProject Gutenberg, _c2010 |
||
| 506 | _aPublic domain in the USA. | ||
| 516 | _aElectronic text | ||
| 700 | 1 |
_aGruger, Frederic Rodrigo, _d1871-1953 |
|
| 830 | 0 |
_aProject Gutenberg _v33985 |
|
| 856 | 4 | 0 | _uhttp://www.gutenberg.org/ebooks/33985 |
| 942 | _cEB | ||
| 999 |
_c263240 _d263240 |
||